Âm nhạc dân gian một số dân tộc thiểu số phía Bắc Việt Nam
Giới thiệu về âm nhạc dân gian các dân tộc Tày - Nùng - Dao Lạng Sơn. Trình bày những nét chung và riêng của âm nhạc trong diễn xướng Then Tày - Nùng. Tìm hiểu về âm nhạc dân tộc H'Mông
Αποθηκεύτηκε σε:
| Κύριος συγγραφέας: | |
|---|---|
| Άλλοι συγγραφείς: | |
| Μορφή: | Βιβλίο |
| Γλώσσα: | Vietnamese |
| Έκδοση: |
H.
Văn hoá dân tộc
2012
|
| Θέματα: | |
| Ετικέτες: |
Προσθήκη ετικέτας
Δεν υπάρχουν, Καταχωρήστε ετικέτα πρώτοι!
|
| Thư viện lưu trữ: | Mạng thư viện Đại học Đà Nẵng |
|---|
| LEADER | 02013aam a22004938a 4500 | ||
|---|---|---|---|
| 001 | 000018041 | ||
| 003 | 14468 | ||
| 005 | 20131118091112.0 | ||
| 008 | 130827s2012 viesd | ||
| 020 | |d 2000b | ||
| 041 | 0 | |a vie | |
| 082 | 1 | 4 | |2 14 |a 781.62 |b NÔ-N |
| 100 | 0 | |a Nông Thị Nhình | |
| 245 | 1 | 0 | |a Âm nhạc dân gian một số dân tộc thiểu số phía Bắc Việt Nam |c S.t., biên dịch, giới thiệu: Nông Thị Nhình, Hồng Thao |
| 260 | |a H. |b Văn hoá dân tộc |c 2012 | ||
| 300 | |a 687 tr. |b hình vẽ, ảnh |c 21 cm. | ||
| 500 | |a ĐTTS ghi: Hội Văn nghệ dân gian Việt Nam | ||
| 504 | |a Phụ lục: tr. 411-486. - Thư mục cuối mỗi phần | ||
| 520 | |a Giới thiệu về âm nhạc dân gian các dân tộc Tày - Nùng - Dao Lạng Sơn. Trình bày những nét chung và riêng của âm nhạc trong diễn xướng Then Tày - Nùng. Tìm hiểu về âm nhạc dân tộc H'Mông | ||
| 650 | 7 | |2 Bộ TK TVQG | |
| 650 | 7 | |2 Bộ TK TVQG | |
| 650 | 7 | |2 Bộ TK TVQG | |
| 650 | 0 | 4 | |2 Bộ TK TVQG |a Âm nhạc dân tộc |x Dân tộc thiểu số |z Phía Bắc Việt Nam |
| 650 | 7 | |2 Bộ TK TVQG | |
| 650 | 7 | |2 Bộ TK TVQG | |
| 650 | 7 | |2 Bộ TK TVQG | |
| 651 | 7 | |2 Bộ TK TVQG |a Việt Nam | |
| 653 | |a Âm nhạc dân gian | ||
| 653 | |a Dân tộc Nùng | ||
| 653 | |a Dân tộc Tày | ||
| 653 | |a Dân tộc Dao | ||
| 653 | |a Dân tộc Hmong | ||
| 700 | 1 | |a Nông Thị Nhình |e s.t., biên dịch, giới thiệu | |
| 700 | 1 | |a Hồng Thao |e s.t., biên dịch, giới thiệu | |
| OWN | |a LSP | ||
| AVA | |a UDN50 |b LSP |d 781.62 NÔ-N |e available |t Error 5001 Not defined in file expand_doc_bib_avail. |f 1 |g 0 |h N |i 0 |k 1 | ||
| 999 | |a From the UDN01 | ||
| AVA | |a UDN50 |b LSP |d 781.62 NÔ-N |e available |t Error 5001 Not defined in file expand_doc_bib_avail. |f 1 |g 0 |h N |i 0 |k 1 | ||
| TYP | |a Monograph | ||
| TYP | |a Printed language | ||
| 980 | |a Mạng thư viện Đại học Đà Nẵng | ||